[Event "EOBCC 2020"]
[Site "Online"]
[Date "2020.12.18"]
[Round "11.72"]
[White "Matnadze, Ana"]
[Black "Myshakov, Fyodor"]
[Result "1/2-1/2"]
[WhiteElo "2421"]
[BlackElo "2292"]
[Annotator "ChessBase"]
[PlyCount "142"]
[EventDate "2020.12.18"]
[EventType "tourn"]
[EventCountry "NET"]
[SourceTitle "playchess.com"]
[Source "ChessBase"]
[SourceQuality "1"]

1. d4 d5 2. Nf3 Nf6 3. g3 Bf5 4. Bg2 e6 5. O-O Bd6 6. c4 c6 7. Nc3 O-O 8. Qb3 b6 9. Nd2 Nbd7 10. e4 dxe4 11. Ndxe4 Nxe4 12. Nxe4 Be7 13. Be3 Rc8 14. Rad1 Nf6 15. Nc3 Qc7 16. Bf4 Bd6 17. Bg5 Be7 18. Rfe1 Rfd8 19. Qa4 a5 20. Qb3 Rb8 21. Bf4 Bd6 22. Bg5 Be7 23. h3 h6 24. Bf4 Bd6 25. Be5 Bxe5 26. dxe5 Nd7 27. f4 Nc5 28. Qa3 Nd3 29. Re2 Nb4 30. Qa4 Bd3 31. Red2 Bxc4 32. a3 b5 33. Rxd8+ Rxd8 34. Rxd8+ Qxd8 35. Qd1 Qxd1+ 36. Nxd1 Nd5 37. Kf2 c5 38. Ke1 Kf8 39. Kd2 Ke7 40. Kc2 a4 41. Kd2 Kd7 42. h4 b4 43. Be4 Kc7 44. Bh7 Ne7 45. Be4 g6 46. Ne3 Bb3 47. Ng4 h5 48. Nf2 Bc4 49. Bc2 Bb5 50. Ne4 Nf5 51. Nxc5 bxa3 52. bxa3 Nxg3 53. Nxa4 Bxa4 54. Bxa4 Nf5 55. Be8 Nh6 56. a4 Kd8 57. Bc6 Nf5 58. a5 Kc7 59. Be8 Nxh4 60. Bxf7 Ng2 61. Bxg6 Nxf4 62. Bf7 h4 63. Ke3 h3 64. Bxe6 Nxe6 65. Kf3 Kc6 66. Kg3 Kb5 67. Kxh3 Kxa5 68. Kg4 Kb5 69. Kf5 Nc7 70. Kf6 Kc6 71. e6 Nxe6 1/2-1/2

[Event "EOBCC 2020"]
[Site "Online"]
[Date "2020.12.18"]
[Round "11.73"]
[White "Mammadova, Gulnar"]
[Black "Pantzar, Milton"]
[Result "0-1"]
[WhiteElo "2382"]
[BlackElo "2421"]
[Annotator "NA"]
[PlyCount "88"]
[EventDate "2020.12.18"]
[EventType "tourn"]
[EventCountry "NET"]
[SourceTitle "playchess.com"]
[Source "ChessBase"]
[SourceQuality "1"]

1. e4 c6 2. d4 d5 3. e5 c5 4. dxc5 e6 5. Nf3 Bxc5 6. Bd3 Ne7 7. O-O Nbc6 8. c3 Ng6 9. Qe2 O-O 10. b4 Bb6 11. Bxg6 fxg6 12. Na3 Bd7 13. Nc2 h6 14. a4 g5 15. b5 Ne7 16. Nfd4 Rc8 17. Qd3 Qe8 18. Ba3 Rf7 19. Ne3 Rf4 20. g3 Re4 21. Bd6 Ng6 22. f3 Nxe5 23. Bxe5 Rxe5 24. Kg2 Rxe3 25. Qxe3 e5 26. a5 Bc5 27. Qd3 exd4 28. cxd4 Bd6 29. Rfe1 Qf7 30. Rac1 Rf8 31. b6 axb6 32. axb6 g4 33. fxg4 Bxg4 34. Rf1 Bf5 35. Qe3 Qh5 36. Kg1 Be4 37. Rxf8+ Bxf8 38. Qf2 Bd6 39. Rf1 Kh7 40. Qe3 Be7 41. h4 Bd6 42. Qf2 Qg4 43. Kh2 Qxh4+ 44. Kg1 Qh1# 0-1

[Event "EOBCC 2020"]
[Site "Online"]
[Date "2020.12.18"]
[Round "11.74"]
[White "Socko, Monika"]
[Black "Suder, Jakub"]
[Result "1-0"]
[WhiteElo "2421"]
[BlackElo "2239"]
[Annotator "NA"]
[PlyCount "69"]
[EventDate "2020.12.18"]
[EventType "tourn"]
[EventCountry "NET"]
[SourceTitle "playchess.com"]
[Source "ChessBase"]
[SourceQuality "1"]

1. e4 c5 2. Nf3 Nc6 3. Bb5 Nf6 4. Nc3 Qc7 5. O-O Nd4 6. a4 e6 7. Re1 a6 8. Bf1 Ng4 9. g3 Nxf3+ 10. Qxf3 Ne5 11. Qe2 d6 12. d3 g6 13. f4 Nc6 14. Bg2 Bg7 15. Be3 O-O 16. Qf2 Nd4 17. Nd1 Rb8 18. c3 Nb3 19. Ra2 b5 20. axb5 axb5 21. Qc2 c4 22. d4 Bb7 23. Bf2 Ra8 24. Rxa8 Rxa8 25. Ne3 Ra2 26. h4 h5 27. f5 exf5 28. exf5 Bxg2 29. Nxg2 Kh7 30. Nf4 Ra1 31. fxg6+ Kg8 32. Rxa1 Nxa1 33. Qe4 b4 34. Qa8+ Bf8 35. Qxa1 1-0

[Event "EOBCC 2020"]
[Site "Online"]
[Date "2020.12.18"]
[Round "11.75"]
[White "Villegas, Pierre"]
[Black "Hjartarson, Johann"]
[Result "0-1"]
[WhiteElo "2367"]
[BlackElo "2525"]
[Annotator "ChessBase"]
[PlyCount "61"]
[EventDate "2020.12.18"]
[EventType "tourn"]
[EventCountry "NET"]
[SourceTitle "playchess.com"]
[Source "ChessBase"]
[SourceQuality "1"]

1. d4 Nf6 2. c4 e6 3. Nc3 Bb4 4. Qc2 c5 5. dxc5 O-O 6. a3 Bxc5 7. Nf3 b6 8. Bg5 Bb7 9. e3 h6 10. Bh4 Be7 11. Be2 d6 12. O-O Nbd7 13. Rfd1 a6 14. Rd2 Qc7 15. Rad1 Rfd8 16. Bg3 Nc5 17. Rd4 e5 18. R4d2 Nce4 19. Nxe4 Nxe4 20. Rd3 b5 21. Nd2 Rac8 22. Rb3 Nxd2 23. Rxd2 bxc4 24. Rc3 d5 25. e4 Bg5 26. Rd1 Bf4 27. Bxf4 exf4 28. exd5 Bxd5 29. h3 Qb7 30. Bxc4 Bxg2 31. Qg6 0-1

[Event "EOBCC 2020"]
[Site "Online"]
[Date "2020.12.18"]
[Round "11.76"]
[White "Koc, Przemyslaw"]
[Black "Hayrapetyan, Hovik"]
[Result "0-1"]
[WhiteElo "2346"]
[BlackElo "2488"]
[Annotator "ChessBase"]
[PlyCount "112"]
[EventDate "2020.12.18"]
[EventType "tourn"]
[EventCountry "NET"]
[SourceTitle "playchess.com"]
[Source "ChessBase"]
[SourceQuality "1"]

1. d4 d5 2. Nc3 Nf6 3. Bf4 e6 4. e3 a6 5. g4 h6 6. h4 c5 7. Bg2 cxd4 8. exd4 Qb6 9. Rb1 Nc6 10. Nge2 Nxg4 11. O-O Nf6 12. Re1 Be7 13. Na4 Qd8 14. Nc5 O-O 15. Ng3 b6 16. Nd3 Bb7 17. c3 Bd6 18. Ne5 Qc7 19. Kh2 Rac8 20. Qe2 Rfe8 21. Bf3 Nd7 22. Nh5 f6 23. Rg1 fxe5 24. Rxg7+ Kh8 25. Rbg1 e4 26. Bxe4 Bxf4+ 27. Kh1 dxe4 28. Qxe4 Nf6 29. Nxf6 Nxd4 30. Qxb7 Qxb7+ 31. Rxb7 Rc7 32. Rxc7 Bxc7 33. cxd4 Rf8 34. Rg6 Bd8 35. Rxh6+ Kg7 36. Ng4 Rf4 37. f3 Rxg4 38. Rxe6 Rxh4+ 39. Kg2 Rxd4 40. Kg3 Rd6 41. Re4 Kf7 42. Kf2 Bf6 43. b3 Rd2+ 44. Kg3 Rxa2 45. f4 Rb2 46. Rb4 b5 47. Kg4 Be7 48. Re4 Rxb3 49. Kf5 a5 50. Re6 a4 51. Rh6 Rg3 52. Rh5 a3 53. Rh7+ Rg7 54. Rh2 b4 55. Ke4 b3 56. f5 a2 0-1

[Event "EOBCC 2020"]
[Site "Online"]
[Date "2020.12.18"]
[Round "11.77"]
[White "Firat, Burak"]
[Black "Gubajdullin, Alexei"]
[Result "0-1"]
[WhiteElo "2474"]
[BlackElo "2343"]
[Annotator "ChessBase"]
[PlyCount "66"]
[EventDate "2020.12.18"]
[EventType "tourn"]
[EventCountry "NET"]
[SourceTitle "playchess.com"]
[Source "ChessBase"]
[SourceQuality "1"]

1. h4 b5 2. h5 h6 3. a4 b4 4. b3 Bb7 5. Bb2 e6 6. a5 a6 7. Nf3 Nf6 8. g3 c5 9. Bg2 Qc7 10. c3 Nc6 11. cxb4 Nxb4 12. d3 Be7 13. Nbd2 O-O 14. Nc4 d6 15. Rg1 Nxh5 16. g4 Nf4 17. Bh1 f6 18. Nh4 Bxh1 19. Rxh1 Qc6 20. f3 g5 21. Qd2 d5 22. Nb6 Ra7 23. Kf2 Bd6 24. Ng2 Rh7 25. Rac1 Qb5 26. Ra1 Be5 27. d4 cxd4 28. Nxf4 Bxf4 29. Qxd4 Nc2 30. Qa4 Qc5+ 31. Kg2 Ne3+ 32. Kg1 Nxg4+ 33. Bd4 Be3+ 0-1

[Event "EOBCC 2020"]
[Site "Online"]
[Date "2020.12.18"]
[Round "11.78"]
[White "Shubin, Kirill"]
[Black "Papp, Petra"]
[Result "1-0"]
[WhiteElo "2441"]
[BlackElo "2336"]
[Annotator "NA"]
[PlyCount "65"]
[EventDate "2020.12.18"]
[EventType "tourn"]
[EventCountry "NET"]
[SourceTitle "playchess.com"]
[Source "ChessBase"]
[SourceQuality "1"]

1. e4 c6 2. d4 d5 3. exd5 cxd5 4. Bd3 Nc6 5. c3 Nf6 6. Bf4 Bg4 7. Qb3 Qc8 8. Nd2 e6 9. Ngf3 Be7 10. O-O Bh5 11. Rfe1 Bg6 12. Bxg6 hxg6 13. h3 O-O 14. Ne5 Nd7 15. Ndf3 Ndxe5 16. Nxe5 Nxe5 17. Bxe5 Qc6 18. g3 b5 19. h4 Qc4 20. Qc2 b4 21. Kg2 bxc3 22. bxc3 Rac8 23. Re3 Rc6 24. h5 gxh5 25. Rh1 g6 26. Rf3 f5 27. Qd2 Kh7 28. g4 fxg4 29. Rxf8 Bxf8 30. Qf4 Bd6 31. Qf7+ Kh6 32. Bg7+ Kg5 33. Qf6# 1-0

[Event "EOBCC 2020"]
[Site "Online"]
[Date "2020.12.18"]
[Round "11.79"]
[White "Hess, Max"]
[Black "Malicka, Maria"]
[Result "1-0"]
[WhiteElo "2430"]
[BlackElo "2291"]
[Annotator "NA"]
[PlyCount "43"]
[EventDate "2020.12.18"]
[EventType "tourn"]
[EventCountry "NET"]
[SourceTitle "playchess.com"]
[Source "ChessBase"]
[SourceQuality "1"]

1. d4 Nf6 2. c4 c5 3. d5 b5 4. cxb5 a6 5. Nc3 axb5 6. e4 b4 7. Nb5 Nxe4 8. Qe2 Bb7 9. Qxe4 e6 10. Bc4 Be7 11. Qd3 O-O 12. Nf3 Qb6 13. a4 Na6 14. O-O exd5 15. Bxd5 Bc6 16. Re1 Bf6 17. Bg5 Bxb2 18. Rab1 Bd4 19. Nbxd4 Bxd5 20. Nf5 Bxf3 21. Qxf3 Qg6 22. Ne7+ 1-0

[Event "EOBCC 2020"]
[Site "Online"]
[Date "2020.12.18"]
[Round "11.80"]
[White "Leszko, Bence"]
[Black "Ioannidis, Evgenios"]
[Result "0-1"]
[WhiteElo "2321"]
[BlackElo "2411"]
[Annotator "NA"]
[PlyCount "118"]
[EventDate "2020.12.18"]
[EventType "tourn"]
[EventCountry "NET"]
[SourceTitle "playchess.com"]
[Source "ChessBase"]
[SourceQuality "1"]

1. e4 c5 2. Nf3 d6 3. d4 cxd4 4. Nxd4 Nf6 5. Nc3 a6 6. a3 e5 7. Nf5 d5 8. Bg5 d4 9. Bxf6 gxf6 10. Nb1 Bxf5 11. exf5 Qd5 12. Qd3 Nc6 13. Nd2 O-O-O 14. Be2 Kb8 15. Bf3 Qb5 16. Qxb5 axb5 17. Ne4 Be7 18. O-O Rc8 19. c3 Rhd8 20. Rfd1 Ka7 21. Bh5 dxc3 22. Nxc3 Rxd1+ 23. Rxd1 Nd4 24. Bxf7 Bxa3 25. Ra1 Kb8 26. Rxa3 b4 27. Ra1 bxc3 28. bxc3 Rxc3 29. h3 Nxf5 30. Bd5 Nd4 31. g4 Rxh3 32. Be4 h6 33. Kg2 Rb3 34. Rh1 Ne6 35. Rxh6 Nf4+ 36. Kh2 Rb4 37. Bf5 Rb2 38. Rxf6 Rxf2+ 39. Kg3 Rg2+ 40. Kf3 Rg1 41. Rf7 b5 42. Be4 Rf1+ 43. Ke3 Ng2+ 44. Bxg2 Rxf7 45. Ke4 Rf4+ 46. Kxe5 Rxg4 47. Be4 Kc7 48. Kd4 Kb6 49. Kd3 Rxe4 50. Kxe4 Kc5 51. Kd3 Kb4 52. Kc2 Ka3 53. Kb1 Kb3 54. Ka1 Kc2 55. Ka2 b4 56. Ka1 Kc3 57. Kb1 Kb3 58. Ka1 Kc2 59. Ka2 b3+ 0-1

[Event "EOBCC 2020"]
[Site "Online"]
[Date "2020.12.18"]
[Round "11.81"]
[White "Hurdzan, Tomas"]
[Black "Globus, Or"]
[Result "1-0"]
[WhiteElo "2317"]
[BlackElo "2399"]
[Annotator "NA"]
[PlyCount "73"]
[EventDate "2020.12.18"]
[EventType "tourn"]
[EventCountry "NET"]
[SourceTitle "playchess.com"]
[Source "ChessBase"]
[SourceQuality "1"]

1. c4 Nf6 2. Nf3 g6 3. g3 Bg7 4. d4 O-O 5. Bg2 d5 6. cxd5 Nxd5 7. O-O Nc6 8. Nc3 Bf5 9. Re1 Nxc3 10. bxc3 Be4 11. Bf4 Qd5 12. Qb3 e6 13. Qxb7 Nxd4 14. Qxd5 Nxf3+ 15. Bxf3 Bxd5 16. Bxd5 exd5 17. Rab1 Bxc3 18. Rec1 d4 19. Bxc7 Rac8 20. Bf4 Rc4 21. Rb7 Ra4 22. Rc2 Rc8 23. Kg2 f6 24. h4 Ra5 25. Kf3 g5 26. Bd6 Rc6 27. Be7 Rf5+ 28. Kg2 g4 29. Rxa7 d3 30. exd3 Bd4 31. Rxc6 Rxf2+ 32. Kg1 Rf3+ 33. Kg2 Rf2+ 34. Kg1 Rxa2+ 35. Kf1 Rxa7 36. Bxf6 Rf7 37. Rc8+ 1-0

[Event "EOBCC 2020"]
[Site "Online"]
[Date "2020.12.18"]
[Round "11.82"]
[White "Dudin, Gleb"]
[Black "Ongut, Tamas Gunes"]
[Result "1/2-1/2"]
[WhiteElo "2395"]
[BlackElo "2332"]
[Annotator "NA"]
[PlyCount "79"]
[EventDate "2020.12.18"]
[EventType "tourn"]
[EventCountry "NET"]
[SourceTitle "playchess.com"]
[Source "ChessBase"]
[SourceQuality "1"]

1. d4 Nf6 2. c4 g6 3. Nc3 Bg7 4. e4 O-O 5. Nf3 d6 6. Be2 e5 7. O-O exd4 8. Nxd4 Nc6 9. Be3 Re8 10. f3 Nh5 11. Qd2 Nxd4 12. Bxd4 Nf4 13. Bxg7 Nxe2+ 14. Nxe2 Kxg7 15. Rad1 Be6 16. b3 Qf6 17. Nf4 Rac8 18. Rfe1 h5 19. Qd4 Qxd4+ 20. Rxd4 Kf6 21. Red1 h4 22. Kf2 g5 23. Nd5+ Kg6 24. Ne3 f5 25. exf5+ Bxf5 26. c5 dxc5 27. Rd5 Be6 28. Rxc5 c6 29. Ra5 a6 30. Rd6 Rcd8 31. Nc4 Rxd6 32. Nxd6 Rd8 33. Nxb7 Rd2+ 34. Kf1 Bf5 35. Nc5 Rc2 36. Nxa6 Rc1+ 37. Kf2 Rc2+ 38. Kf1 Rc1+ 39. Ke2 Rc2+ 40. Kf1 1/2-1/2

[Event "EOBCC 2020"]
[Site "Online"]
[Date "2020.12.18"]
[Round "11.83"]
[White "Gurbanov, Andrei"]
[Black "Psyk, Radoslaw"]
[Result "0-1"]
[WhiteElo "2289"]
[BlackElo "2375"]
[Annotator "ChessBase"]
[PlyCount "148"]
[EventDate "2020.12.18"]
[EventType "tourn"]
[EventCountry "NET"]
[SourceTitle "playchess.com"]
[Source "ChessBase"]
[SourceQuality "1"]

1. d4 Nf6 2. c4 e6 3. Nf3 d5 4. Nc3 Be7 5. cxd5 exd5 6. Bg5 c6 7. Qc2 Nbd7 8. e3 O-O 9. Bd3 Re8 10. Bf4 Nf8 11. h3 Bd6 12. Bxd6 Qxd6 13. O-O Ng6 14. Rab1 a5 15. a3 Nd7 16. b4 axb4 17. axb4 b5 18. e4 Nb6 19. e5 Qe7 20. Ne2 Nc4 21. Bxc4 dxc4 22. Nc3 Nf4 23. Qd2 Nd3 24. Ne4 Be6 25. Nd6 Red8 26. Ng5 Bd5 27. Nge4 Bxe4 28. Nxe4 Rxd4 29. Rfe1 Rad8 30. Re3 Nxe5 31. Qb2 Nd3 32. Qe2 Nf4 33. Qf3 Qc7 34. Rbe1 Nd3 35. R1e2 Ne5 36. Qf5 Rd1+ 37. Re1 Rxe1+ 38. Rxe1 Ng6 39. Ng5 h6 40. Nf3 Qf4 41. Qc5 Qd6 42. Qb6 c3 43. Qe3 c2 44. Rc1 Qd1+ 45. Kh2 Qd6+ 46. g3 Qxb4 47. Rxc2 Rc8 48. Rc5 Qb2 49. h4 Nf8 50. Ne5 Ne6 51. Rxc6 Rxc6 52. Nxc6 b4 53. Ne7+ Kf8 54. Nf5 Qc2 55. Qa7 Qxf5 56. Qb8+ Ke7 57. Qb7+ Kf6 58. Qxb4 Qxf2+ 59. Kh3 g6 60. Qc3+ Qd4 61. Qf3+ Kg7 62. Qf1 h5 63. Qc1 Nc5 64. Qc2 Ne4 65. Qe2 Qe5 66. Qf3 Qxg3+ 67. Qxg3 Nxg3 68. Kxg3 Kf6 69. Kf4 Ke6 70. Kg5 Ke5 71. Kh6 Kf4 72. Kg7 Kg4 73. Kxf7 Kxh4 74. Kxg6 Kg4 0-1

[Event "EOBCC 2020"]
[Site "Online"]
[Date "2020.12.18"]
[Round "11.84"]
[White "Jagodzinski, Piotr"]
[Black "Seul, Georg"]
[Result "0-1"]
[WhiteElo "2145"]
[BlackElo "2372"]
[Annotator "NA"]
[PlyCount "128"]
[EventDate "2020.12.18"]
[EventType "tourn"]
[EventCountry "NET"]
[SourceTitle "playchess.com"]
[Source "ChessBase"]
[SourceQuality "1"]

1. e4 e5 2. Nf3 Nc6 3. Bb5 a6 4. Ba4 Nf6 5. d3 d6 6. c3 g6 7. O-O Bg7 8. Nbd2 O-O 9. Re1 h6 10. Nf1 b5 11. Bc2 Bb7 12. a4 Nb8 13. Ng3 Nbd7 14. d4 Qe7 15. h3 c5 16. d5 c4 17. Nh2 Nc5 18. Be3 Nfd7 19. Rf1 h5 20. Nf3 Rfb8 21. Qd2 Bc8 22. Bg5 Bf6 23. Bxf6 Qxf6 24. Nh2 Qh4 25. Nf3 Qf6 26. Nh2 Bb7 27. Qe3 Re8 28. Ne2 Qh4 29. Nf3 Qe7 30. Kh1 Kg7 31. Nd2 Reb8 32. b4 cxb3 33. Nxb3 Nxb3 34. Bxb3 Nc5 35. Bc2 bxa4 36. Bxa4 Bc8 37. Bc6 Ra7 38. f4 exf4 39. Rxf4 a5 40. Nd4 Ba6 41. Qg3 Qe5 42. Qf3 Bc4 43. Ba4 Nxa4 44. Nc6 Qxc3 45. Qxc3+ Nxc3 46. Nxa7 a4 47. Nc6 Rb2 48. Nd8 f5 49. exf5 Bxd5 50. f6+ Kf8 51. f7 Bxg2+ 52. Kh2 Bd5+ 53. Kg3 Ne2+ 54. Kh4 Nxf4 55. Kg5 Ne6+ 56. Nxe6+ Bxe6 57. Rxa4 Bxf7 58. Kf6 Rf2+ 59. Kg5 Ke7 60. Ra7+ Ke6 61. h4 Rf5+ 62. Kh6 d5 63. Kg7 d4 64. Ra6+ Ke5 0-1

[Event "EOBCC 2020"]
[Site "Online"]
[Date "2020.12.18"]
[Round "11.85"]
[White "Krastev, Alexander"]
[Black "Smirnova, Ekaterina"]
[Result "1-0"]
[WhiteElo "2367"]
[BlackElo "2239"]
[Annotator "NA"]
[PlyCount "123"]
[EventDate "2020.12.18"]
[EventType "tourn"]
[EventCountry "NET"]
[SourceTitle "playchess.com"]
[Source "ChessBase"]
[SourceQuality "1"]

1. e4 c6 2. d4 d5 3. Nc3 dxe4 4. Nxe4 Nf6 5. Nxf6+ exf6 6. c3 Bd6 7. Bd3 O-O 8. Ne2 Re8 9. O-O Nd7 10. Bf4 Nf8 11. Qd2 Qc7 12. Bxd6 Qxd6 13. Ng3 Bd7 14. Rae1 a5 15. Bb1 b6 16. Rxe8 Rxe8 17. Re1 Rxe1+ 18. Qxe1 a4 19. Qe3 a3 20. b3 Qe6 21. Bf5 Qd6 22. Bxd7 Qxd7 23. h3 h6 24. Qc1 Qe7 25. Nf5 Qe2 26. Qxa3 Qe1+ 27. Kh2 Qxf2 28. Ng3 Qf4 29. Qe7 h5 30. Qe4 Qd2 31. Qxc6 h4 32. Ne4 Qf4+ 33. Kg1 Qe3+ 34. Kf1 Qd3+ 35. Kf2 Qc2+ 36. Kf3 Qd1+ 37. Ke3 Qg1+ 38. Kd3 Qf1+ 39. Ke3 Qe1+ 40. Kf3 Qd1+ 41. Kf2 Qc2+ 42. Ke3 Qc1+ 43. Nd2 Ng6 44. Qc8+ Kh7 45. Qg4 Qe1+ 46. Kd3 Qf2 47. Nf3 Qf1+ 48. Kc2 Qe2+ 49. Nd2 Qe1 50. Qh5+ Kg8 51. Qd1 Qg3 52. Qf3 Qe1 53. a4 Ne7 54. b4 g6 55. a5 bxa5 56. bxa5 Nf5 57. a6 Ne3+ 58. Kd3 Nd1 59. a7 Nf2+ 60. Kc4 Qa1 61. a8=Q+ Qxa8 62. Qxa8+ 1-0

[Event "EOBCC 2020"]
[Site "Online"]
[Date "2020.12.18"]
[Round "11.86"]
[White "Dordzhieva, Dinara"]
[Black "Hirneise, Tobias"]
[Result "0-1"]
[WhiteElo "2352"]
[BlackElo "2452"]
[Annotator "ChessBase"]
[PlyCount "114"]
[EventDate "2020.12.18"]
[EventType "tourn"]
[EventCountry "NET"]
[SourceTitle "playchess.com"]
[Source "ChessBase"]
[SourceQuality "1"]

1. d4 d5 2. c4 c6 3. Nf3 Nf6 4. g3 dxc4 5. Bg2 Bf5 6. a4 e6 7. Na3 Bxa3 8. Rxa3 Be4 9. O-O b5 10. Ne5 Bxg2 11. Kxg2 Qd5+ 12. f3 Nbd7 13. e4 Qd6 14. Nxc4 bxc4 15. e5 Qd5 16. exf6 Nxf6 17. Rc3 O-O 18. Qe2 Qxd4 19. Qxc4 Rfd8 20. Be3 Qxc4 21. Rxc4 Nd5 22. Bf2 Ne7 23. Bc5 Nf5 24. Rf2 Rd7 25. g4 Nh4+ 26. Kg3 Ng6 27. Rfc2 a6 28. Be3 Ne5 29. Rc5 f6 30. Bf4 Nd3 31. Rxc6 e5 32. Be3 Nb4 33. Rc8+ Rd8 34. Rxa8 Rxa8 35. Rc4 Nd5 36. Bd2 Kf7 37. b4 Ke6 38. Rc6+ Kd7 39. Rc4 Kd6 40. Kf2 g6 41. Ke2 f5 42. Kd3 Nb6 43. Rc2 Nxa4 44. Ra2 Nb6 45. Be3 Nd5 46. Bc5+ Kc6 47. gxf5 gxf5 48. Rc2 Kb5 49. Re2 Nf4+ 50. Ke3 Nxe2 51. Kxe2 a5 52. Bd6 a4 53. Bxe5 Re8 54. f4 a3 55. Kd3 Rxe5 56. fxe5 a2 57. e6 a1=Q 0-1

[Event "EOBCC 2020"]
[Site "Online"]
[Date "2020.12.18"]
[Round "11.87"]
[White "Buksa, Nataliya"]
[Black "Vesselovsky, Serguei"]
[Result "1-0"]
[WhiteElo "2413"]
[BlackElo "2316"]
[Annotator "NA"]
[PlyCount "101"]
[EventDate "2020.12.18"]
[EventType "tourn"]
[EventCountry "NET"]
[SourceTitle "playchess.com"]
[Source "ChessBase"]
[SourceQuality "1"]

1. d4 g6 2. Nc3 Bg7 3. e4 d6 4. Bg5 Nd7 5. f4 c5 6. Nf3 cxd4 7. Nxd4 Ngf6 8. Bb5 O-O 9. Qd2 Nc5 10. Bxf6 Bxf6 11. O-O-O Bg7 12. Nb3 Bxc3 13. Qxc3 Nxe4 14. Qd4 Nf6 15. h3 Be6 16. g4 Qc7 17. f5 Bxb3 18. axb3 Rfc8 19. Bd3 Qc5 20. Qf4 Nd5 21. Qd2 Nb4 22. fxg6 hxg6 23. Rhf1 Rc7 24. c3 Qa5 25. Bb1 Rac8 26. Qd4 Nc6 27. Qf4 Ne5 28. b4 Qb6 29. Rde1 e6 30. h4 a5 31. Re4 Rc4 32. h5 Qxb4 33. hxg6 fxg6 34. Rxc4 Qxc4 35. Qf6 Qxg4 36. Rh1 Nf7 37. Bxg6 Qg5+ 38. Qxg5 Nxg5 39. Rg1 Nf3 40. Rg3 Ne5 41. Be4+ Kf8 42. Bxb7 Rb8 43. Be4 Ke7 44. Rh3 d5 45. Bc2 Kd6 46. b3 Rc8 47. Kb2 Nc6 48. Rh7 d4 49. Be4 dxc3+ 50. Kxc3 Nb4+ 51. Kd2 1-0

[Event "EOBCC 2020"]
[Site "Online"]
[Date "2020.12.18"]
[Round "11.88"]
[White "Lazov, Toni"]
[Black "Mamedjarova, Turkan"]
[Result "1-0"]
[WhiteElo "2405"]
[BlackElo "2309"]
[Annotator "NA"]
[PlyCount "81"]
[EventDate "2020.12.18"]
[EventType "tourn"]
[EventCountry "NET"]
[SourceTitle "playchess.com"]
[Source "ChessBase"]
[SourceQuality "1"]

1. e4 e5 2. Nf3 Nc6 3. Bc4 Bc5 4. c3 Nf6 5. d3 d6 6. h3 a6 7. Bb3 h6 8. Nbd2 O-O 9. Nf1 Nh5 10. g3 Qf6 11. Qe2 a5 12. Ne3 Be6 13. Nd5 Bxd5 14. Bxd5 Kh8 15. Nh4 Nf4 16. gxf4 Qxh4 17. f5 Rab8 18. a4 Ne7 19. Ba2 c6 20. Bd2 d5 21. Rh2 b5 22. Kd1 bxa4 23. Kc2 a3 24. b3 dxe4 25. dxe4 Rfd8 26. Rg1 Ng8 27. Rg4 Qf6 28. Rhg2 Bf8 29. h4 Qd6 30. Bg5 Rd7 31. f4 Re8 32. fxe5 Qxe5 33. Qc4 Nf6 34. Bxf6 Qxf6 35. Rg5 Red8 36. R5g3 Qe5 37. Rf3 Rd1 38. f6 g6 39. b4 Qh5 40. Qxf7 Qxf3 41. Qg8# 1-0

[Event "EOBCC 2020"]
[Site "Online"]
[Date "2020.12.18"]
[Round "11.89"]
[White "Burkart, Patrick"]
[Black "Havlik, Jan"]
[Result "0-1"]
[WhiteElo "2322"]
[BlackElo "2393"]
[Annotator "NA"]
[PlyCount "84"]
[EventDate "2020.12.18"]
[EventType "tourn"]
[EventCountry "NET"]
[SourceTitle "playchess.com"]
[Source "ChessBase"]
[SourceQuality "1"]

1. d4 Nf6 2. c4 g6 3. Nc3 Bg7 4. Nf3 O-O 5. Bf4 d6 6. e3 c6 7. Be2 Qa5 8. O-O Nbd7 9. h3 a6 10. a3 b5 11. b4 Qd8 12. c5 dxc5 13. bxc5 Nh5 14. Qb3 Nxf4 15. exf4 Nf6 16. Rad1 Be6 17. Qc2 Nd5 18. Nxd5 Bxd5 19. Ne5 Qa5 20. Qd2 Qxd2 21. Rxd2 Bxe5 22. dxe5 e6 23. Rd3 Bc4 24. Re3 Bxe2 25. Rxe2 Rfd8 26. Ra1 Rd4 27. g3 Rad8 28. Rc2 R8d5 29. Kf1 h5 30. h4 Kf8 31. Ke2 Ke7 32. f3 a5 33. Rb1 Rd3 34. Ra2 Rc3 35. g4 hxg4 36. fxg4 Rh3 37. Rbb2 Rxh4 38. Kf3 Rd3+ 39. Ke4 Rhh3 40. Re2 Rc3 41. Rac2 Rxa3 42. f5 Ra4+ 0-1

[Event "EOBCC 2020"]
[Site "Online"]
[Date "2020.12.18"]
[Round "11.90"]
[White "Balajayeva, Khanim"]
[Black "Zovko, Mario"]
[Result "1-0"]
[WhiteElo "2376"]
[BlackElo "2312"]
[Annotator "NA"]
[PlyCount "107"]
[EventDate "2020.12.18"]
[EventType "tourn"]
[EventCountry "NET"]
[SourceTitle "playchess.com"]
[Source "ChessBase"]
[SourceQuality "1"]

1. e4 c6 2. d4 d5 3. exd5 cxd5 4. c4 Nf6 5. Nc3 g6 6. Qb3 Bg7 7. cxd5 O-O 8. Be2 Nbd7 9. Bf3 Nb6 10. Nge2 Bg4 11. Bxg4 Nxg4 12. Bf4 Nf6 13. d6 exd6 14. O-O Qd7 15. h3 d5 16. Be5 Nc4 17. Rad1 Rfe8 18. Bxf6 Bxf6 19. Nf4 Bg7 20. Nfxd5 Nd6 21. Ne3 Rad8 22. d5 b6 23. Nc4 Nf5 24. Qb5 Nd4 25. Qxd7 Rxd7 26. Rfe1 Red8 27. Ne5 Bxe5 28. Rxe5 Nf5 29. Rde1 Kf8 30. g4 Nd6 31. R5e2 b5 32. a3 Rc8 33. Rd1 a5 34. Ne4 Nxe4 35. Rxe4 Rc2 36. b4 a4 37. Re3 Rd6 38. Kg2 Rf6 39. Rf3 Rxf3 40. Kxf3 Rc3+ 41. Ke4 Rxa3 42. d6 Ke8 43. Kd5 Rc3 44. Re1+ Kd8 45. Re7 Rxh3 46. Rxf7 a3 47. Ke6 Kc8 48. Rf8+ Kb7 49. d7 Rd3 50. d8=Q Rxd8 51. Rxd8 h5 52. gxh5 gxh5 53. Rd3 h4 54. Rxa3 1-0

[Event "EOBCC 2020"]
[Site "Online"]
[Date "2020.12.18"]
[Round "11.91"]
[White "Haring, Filip"]
[Black "Aizenberg, Benny"]
[Result "1-0"]
[WhiteElo "2376"]
[BlackElo "2279"]
[Annotator "NA"]
[PlyCount "53"]
[EventDate "2020.12.18"]
[EventType "tourn"]
[EventCountry "NET"]
[SourceTitle "playchess.com"]
[Source "ChessBase"]
[SourceQuality "1"]

1. e4 c5 2. Nf3 e6 3. d4 cxd4 4. Nxd4 Nc6 5. Nc3 Qc7 6. Qd3 Nf6 7. Ndb5 Qb8 8. Qg3 d6 9. Be3 h5 10. O-O-O Ne5 11. f4 Neg4 12. e5 dxe5 13. fxe5 Nd5 14. Rxd5 exd5 15. Nxd5 Be7 16. Nbc7+ Kf8 17. Nxa8 Qxa8 18. Nxe7 Kxe7 19. Bc5+ Ke8 20. Bb5+ Bd7 21. Bxd7+ Kxd7 22. e6+ Kxe6 23. Qd6+ Kf5 24. Rf1+ Kg5 25. h4+ Kxh4 26. Qf4 Qb8 27. Rh1# 1-0

[Event "EOBCC 2020"]
[Site "Online"]
[Date "2020.12.18"]
[Round "11.92"]
[White "Antonov, Alexandr"]
[Black "Coenen, Michael"]
[Result "1-0"]
[WhiteElo "2309"]
[BlackElo "2362"]
[Annotator "NA"]
[PlyCount "53"]
[EventDate "2020.12.18"]
[EventType "tourn"]
[EventCountry "NET"]
[SourceTitle "playchess.com"]
[Source "ChessBase"]
[SourceQuality "1"]

1. c4 e6 2. Nf3 Nf6 3. d4 d5 4. Nc3 dxc4 5. e4 Bb4 6. Bg5 c5 7. e5 cxd4 8. Nxd4 Bxc3+ 9. bxc3 Qa5 10. exf6 Qxg5 11. fxg7 Qxg7 12. g3 Bd7 13. Bg2 Nc6 14. O-O Nxd4 15. cxd4 Rb8 16. Qc2 Qxd4 17. Rad1 Qc5 18. Qc3 Rg8 19. Rd4 b5 20. Rfd1 Rd8 21. Qa5 Ke7 22. a4 c3 23. R4d3 c2 24. Rc1 Bc6 25. Qc7+ Kf6 26. Rxd8 Qa3 27. Qf4+ 1-0

[Event "EOBCC 2020"]
[Site "Online"]
[Date "2020.12.18"]
[Round "11.93"]
[White "Fataliyeva, Ulviyya"]
[Black "Krayz, Alexander"]
[Result "0-1"]
[WhiteElo "2301"]
[BlackElo "2346"]
[Annotator "NA"]
[PlyCount "52"]
[EventDate "2020.12.18"]
[EventType "tourn"]
[EventCountry "NET"]
[SourceTitle "playchess.com"]
[Source "ChessBase"]
[SourceQuality "1"]

1. d4 Nf6 2. c4 e6 3. Nc3 Bb4 4. e3 b6 5. Bd3 Bb7 6. Nf3 O-O 7. O-O d5 8. a3 Be7 9. cxd5 exd5 10. b4 a6 11. Ne5 Nbd7 12. f4 c5 13. bxc5 bxc5 14. Rb1 Rb8 15. Qa4 Nxe5 16. fxe5 Ne4 17. Bxe4 dxe4 18. d5 Bg5 19. Qxe4 Qe7 20. Rf5 Bh6 21. Qf3 Ba8 22. Rxb8 Rxb8 23. h3 c4 24. Kh1 g6 25. Rf6 Bg7 26. d6 Qd7 0-1